Eine für vier (Record no. 59772)

MARC details
000 -LÍDER
campo de controle de tamanho fixo 00341 a2200157 4500
001 - NÚMERO DE CONTROLE
campo de controle 59772
020 ## - ISBN - INTERNATIONAL STANDARD BOOK NUMBER
ISBN - International Standard Book Number 9783570126790
040 ## - FONTE DA CATALOGAÇÃO
Instituição que transcreveu o registro Anchieta - Pituba
100 ## - ENTRADA PRINCIPAL--NOME PESSOAL
Nome pessoal Brashares, Ann
240 10 - TÍTULO UNIFORME
Título uniforme Eine für vier
Idioma da obra por
245 10 - TÍTULO
Título Eine für vier
300 ## - DESCRIÇÃO FÍSICA
Extensão 320
362 0# - DATAS DE PUBLICAÇÃO E/OU DESIGNAÇÃO SEQUENCIAL
Datas de publicação e/ou designação sequencial 2002
650 #4 - ASSUNTO--TERMO TÓPICO
Cabeçalho tópico ou nome geográfico Literatura juvenil em alemão
942 ## - ELEMENTOS DE ENTRADA ADICIONADOS (KOHA)
Tipo de material Koha Livros
Holdings
Situação do descarte Situação das perdas Situação física Não pode ser emprestado Biblioteca de origem Biblioteca atual Data de aquisição Total de empréstimos Número de chamada completo Código de barras Data de último acesso Data do preço efetivo Tipo de material Koha
        Colégio Anchieta - Pituba Colégio Anchieta - Pituba 21/11/2023   LJ 028.543 B823e BRA FUE 11231/PIT 21/11/2023 21/11/2023 Livros